000
00303nam a22001337a 4500
008
170608b xxu||||| |||| 00| 0 eng d
020
_a
9780395796696
041
_a
eng
080
_2
3RD
_a
94
100
_a
18
101
_a
SHH
245
_a
DISCOVERING THE WESTERN PAST
_c
WIESNER,M.E
942
_2
udc
_c
BK
999
_c
16585
_d
16585